A-Z Die größten Städte der Welt - Statistiken

Allgemein
  • Dieses Quiz wurde 411 mal gespielt
  • Das Durchschnittsergebnis liegt bei 17 aus 26
Antwortstatistiken
Buchstabe Stadt Land % Korrekt
I Istanbul Türkei
95%
K Kairo Ägypten
95%
R Rio de Janeiro Brasilien
94%
T Tokyo Japan
94%
B Bangkok Thailand
90%
L Los Angeles USA
88%
N New York USA
88%
J Jakarta Indonesien
87%
P Peking China
87%
S Shanghai China
85%
O Osaka Japan
84%
Q Quito Ecuador
82%
M Mumbai Indien
80%
D Delhi Indien
79%
V Vancouver Kanada
79%
W Wuhan China
64%
G Guangzhou China
60%
E Edmonton Kanada
56%
H Ho Chi Minh-Stadt Vietnam
56%
X Xi'an China
50%
C Chennai Indien
47%
A Ahmedabad Indien
37%
Y Yangon Myanmar
24%
U Ürümqi China
19%
Z Zhengzhou China
10%
F Foshan China
8%
Keine übereinstimmenden Quizze gefunden
Verteilung der Resultate
Anzahl Personen mit jedem Resultat
Perzentil nach korrekt beantworteten Fragen
Ihre Resultats-Entwicklung
Sie haben dieses Quiz noch nicht gespielt